Máquinas, herramientas y manejo de materiales
Guardat en:
| Autor principal: | |
|---|---|
| Format: | Llibre |
| Idioma: | espanyol |
| Publicat: |
Englewood Cliffs
Prentice-Hall
1982
|
| Matèries: | |
| Etiquetes: |
Afegir etiqueta
Sense etiquetes, Sigues el primer a etiquetar aquest registre!
|
MARC
| LEADER | 00000nam a2200000 a 4500 | ||
|---|---|---|---|
| 001 | UCV5732 | ||
| 003 | CL-VaPUC | ||
| 008 | 900308e19820000US |||||||||||||||||spa|d | ||
| 082 | 0 | 4 | |a 621.9 |b POL |2 21 |
| 100 | 0 | |a Pollack, Herman W |e author |9 300017 | |
| 245 | 1 | 0 | |a Máquinas, herramientas y manejo de materiales |
| 300 | |a 653 p | ||
| 942 | |c BK | ||
| 945 | |d 19900308 00:00:00 | ||
| 260 | |a Englewood Cliffs |b Prentice-Hall |c 1982 | ||
| 650 | 0 | |a Máquinas herramientas |9 262583 | |
| 650 | 7 | |a MAQUINARIA PARA METALISTERIA |2 CL-VaPUC |9 262584 | |
| 650 | 0 | |a Procesos de manufactura |9 259371 | |
| 583 | |a last modification |c 20120516 11:52:32 |k Rodrigo Vera | ||
| 999 | |c 212134 |d 212132 | ||
| 952 | |0 0 |1 0 |4 0 |6 621_900000000000000_POL_1982 |7 0 |8 A |9 192628 |a BIBING |b BIBING |d 2019-11-14 |i 2601087 |o 621.9 POL 1982 |p 2601087 |r 2025-01-20 |w 2019-11-14 |y BK |k CCL | ||
| 952 | |0 0 |1 0 |4 0 |6 621_900000000000000_POL_1982 |7 0 |8 A |9 192629 |a BIBMEC |b BIBMEC |d 2019-11-14 |i 1329804 |o 621.9 POL 1982 |p 1329804 |r 2024-01-19 |w 2019-11-14 |y BK |k MEC | ||